00533pab a2200145 454500008004000000100001600040245011700056260000900173300001000182650003000192773003200222909001000254999001700264952010600281180718b1983 xxu||||| |||| 00| 0 eng d aSahab Dayal aCooperative labour - Management relations in the American automobile industrybThe quality of work life approach c1983 a79-90 aLabour Relations - U.S.A. aIndian Journal of Economics a11951 c11951d11951 00104070aIIPAbIIPAd2018-07-19hVolume no: 64, Issue no: 252pAR11992r2018-07-19w2018-07-19yAR